Highest Market Value Reached by Players - Fluminense - Statistics

General Stats
  • This quiz has been taken 23 times
    22 since last reset
  • The average score is 10 of 20
Answer Stats
Hint Answer Games Played % Correct
€ 25M André 197
93%
€ 70M Marcelo 107
93%
€ 40M Thiago Silva 142
93%
€ 50M João Pedro 36
79%
€ 22M Luiz Henrique 120
79%
€ 23M Pedro 93
79%
€ 16M Jhon Arias 205
64%
€ 70M Fabinho 0
57%
€ 22M Gerson 41
57%
€ 65M Richarlison 67
57%
€ 35M Evanilson 26
50%
€ 20M Caio Henrique 65
29%
€ 25M Deco 70
29%
€ 18M Paulo Henrique Ganso 266
29%
€ 30M Roger Ibãnez 39
29%
€ 80M Ronaldinho 9
29%
€ 24M Wendel 56
21%
€ 55M Douglas Costa 22
14%
€ 19M Felipe Melo 108
14%
€ 20M Manuel Lanzini 33
0%
No matching quizzes found
Score Distribution
Percent of People with Each Score
Percentile by Number Answered
Your Score History
You have not taken this quiz since the last reset